Quizzes
Events
Quiz Creation
Community
Videos
Private Events
Remove Ads
Sign In
Join for FREE
Feedback
Dark Mode
Quiz Categories
Sports
Geography
Music
Movies
Television
Just For Fun
Miscellaneous
History
Literature
Language
Science
Gaming
Entertainment
Religion
Holiday
For Kids
Quiz Lab
Recent
Popular Today
Quiz Kudos Today
Editor Picks
Curator Picks
Quizzes by...
Day
Popularity
Type
Ratings
Length
Year
Community
Subscriptions
Recent Discussions
Orange Saloon
Badges
Playlists
Quests
Create
Leaderboards
Showdown
Live 5
Trivia Bingo
Activity
Puzzle Library
Sporcle Events
Private Events
Virtual Trivia
Globe League
Become a Host
Pub Owners
SporcleCon
Opinionation
Our Games
Videos
Blog
Mobile Apps
Partnerships
Remove Ads and Go Orange
Feedback
Just For Fun
Clickable
Get the Picture
Humor
Quick Pick
Word Ladder
Missing Word
Mixed Word
Blitz
Minefield
This or That
Alphabet
Color
Typing
Sporcle
Puzzle
Word Play
Follow That Line
Logic
Just For Fun
Clickable
Get the Picture
Humor
Quick Pick
Word Ladder
Missing Word
Mixed Word
Blitz
Minefield
This or That
Alphabet
Color
Typing
Sporcle
Puzzle
Word Play
Follow That Line
Logic
Random Quiz
Search Sporcle
×
Quiz Lab
Quiz Lab
Just For Fun
sign
Type in answers that appear in a list
Type in answers that appear in a list
Classic
Best Score? Go Orange.
⚡ Proceed With Caution! (pics) ⚡ Stats
Can you name the thing that the signs are warning you about?
By
leppyfresh
5m
24 Questions
82 Plays
82 Plays
82 Plays
Comments
Comments
Give Quiz Kudos
Give Quiz Kudos
-
- Ratings
hide this ad
More Info
Replay
Link that replays current quiz
Next Quiz
Link to next quiz in quiz playlist
You Got
0%
They Got
Avg Score
39%
Avg Friend Score
Upgrade to see
Score Distribution
Jump to the score distribution portion of the page
Score
0/24
Timer
05:00
0
Plays Today
% Correct
Flammable Material
87.8%
Low Temperatures
74.4%
Electric
72%
Heavy Goods Vehicles
64.6%
Toxic Material
62.2%
Trip Hazard
62.2%
Slippery Surface
58.5%
Hazard
57.3%
Radiation
56.1%
Risk of Falling
56.1%
Beware of Dog
54.9%
Biological Material
52.4%
% Correct
Diving Area
46.3%
Cameras
34.1%
Explosive Material
25.6%
Sudden Loud Noises
22%
Laser Beam
19.5%
Industrial Vehicles
15.9%
Falling Objects
12.2%
Shallow Water
8.5%
Overhead Loads
6.1%
Fragile Roof
4.9%
Barbed Wire
1.2%
Sudden Drop
1.2%
Quiz Playlist
Details
Report
Send in Message
Add To Playlist
More Info:
The inspiration from this game is from Hejman's quiz Sporcle Crossing found above.****UNDER CONSTRUCTION****
Classic:
Type in answers that appear in a list
Quiz Source
Last Updated: Mar 5, 2018
Quiz Scoreboard
CHALLENGE
Sign Up to Join the Scoreboard
Show All
Scores
Hide
Comments
May contain spoilers
Recently Published
College Basketball Coaching Resumes
by pancakes188
Sports
9m
Billboard Blitz: Fleetwood Mac
by CooCooCachoo
Music
15s
Presidents Visiting Landmarks
by Hejman
History
7m
More to Explore
Quiz From the Vault
Featured Blog Post
Where Did the Easter Bunny Come From?
hide this ad
You Might Also Like...
Tags
Image Quiz
sign
Warning
Today's Top Quizzes in Just For Fun
Browse Just For Fun
hide this ad
Today's Top Quizzes in sign
Browse sign
Top Contributed Quizzes in Just For Fun
1
Killer Double Trees 224 - Colour Match-Up
2
Spring Typing Challenge
3
Crossword Whiteout! 49
4
Zeroing In: Just For Fun
5
Harry Potter Logic - 'In Chains' II
6
Survivor Winners Logic Puzzle
7
Word Ladder: Ahoy Matey
8
Kyle's 122nd Triple Trees
9
Word Ladder: Wilderness Weapon
10
Edinburgh Fringe jokes 2015
Explore More
Trending Topics
Anime
NBA
Crossword
Kpop
Harry Potter
Marvel
Disney
Country
NFL
Pokémon
The Office
Song
WWE
Soccer
Puzzle
hide this ad
More By:
leppyfresh
Quiz
Plays
Rating
Category
Featured
Created
Youngest to Oldest Minefield
2,048,722
3.92
History
Aug 13, 2013
Smallest Countries Minefield
323,087
4.51
Geography
Jun 18, 2011
'O'-Less European Countries
206,403
4.39
Geography
May 3, 2010
US Presidents per Last Letter
176,493
4.46
History
Jan 29, 2011
'A'-Less African Countries
174,991
4.34
Geography
May 3, 2010
Go to Creator's Profile
Score Distribution
Quiz Creator Spotlight
leppyfresh
Follow
Send a Message
Quizzes Created
-
Created Quiz Play Count
-
More By This Creator
Popular Quizzes Today
1
Find the US States - No Outlines Minefield
2
Find the Countries of Europe - No Outlines Minefield
3
The Countries of the World
4
Find the US States
5
Risky Map Clicking: Biggest States A-Z
6
US States
7
Popular People in 1961
8
Movies - When Are They Set?
More Just For Fun Quizzes
Get the Picture: Furniture or Musical Term
Published
Trending Quizzes
Risky Map Clicking: Least Populous States A-Z
1-10 Letter G Words
1-10 Letter F Words
Risky Map Clicking: Next State Alphabetically
Risky Map Clicking: Biggest States A-Z
Recently Updated
Leaping Animals
pecheneg
Reality TV Shows (A-Z)
bhenderson79
Rickey Henderson's Hall of Fame Teammates
pecheneg
Champions League XIs: Arsenal
pecheneg
Quick Pick: Celebrities in WWE's Hall of Fame
aduchscher
A-Z Keypad Blitz II
pecheneg
Multiple Oscar Actors
pecheneg
Mystery Phrase Blitz: Oscar 'Best Actors'
pecheneg
F. Scott Fitzgerald Novels
LTH
Pick 3 Villains
ddd62291
Trending Topics
Anime
Marvel
Kpop
Crossword
NBA
Harry Potter
Disney
NFL
Soccer
Song
Country
The Office
Pokémon
Puzzle
WWE
Your Account Isn't Verified!
In order to create a playlist on Sporcle, you need to verify the email address you used during registration. Go to your
Sporcle Settings
to finish the process.
Report this User
Report this user for behavior that violates our
Community Guidelines
.
Details:
Send Report
Go to the Sporcle.com Mobile Site →
Comments